000
00284nam a22001217a 4500
082
_a
621.3193 AND'W
100
_a
ANDERSON, E. P
_9
56933
245
_a
WIRING DIAGRAMS FOR LOGIC AND POWER
250
_a
2ND
260
_a
NEWYORK
_b
HOWARD W. SAND
_c
1964
300
_a
312P
942
_c
BK
999
_c
567249
_d
567249